Cars That Start With L - Statistics

General Stats
  • This quiz has been taken 64 times
  • The average score is 6 of 8
Answer Stats
Picture Answer % Correct
Lamborghini
100%
Lexus
98%
Land Rover
90%
Lincoln
77%
Lotus
76%
Lancia
58%
Lada
48%
Lister
8%
No matching quizzes found
Score Distribution
Percent of People with Each Score
Percentile by Number Answered
Your Score History
You have not taken this quiz